|
|
|
|
| LEADER |
01154nam a2200277 a 4500 |
| 001 |
1559597 |
| 008 |
100329r19981993mauaf b 001 0 eng d |
| 010 |
|
|
|a \\\92016564
|
| 020 |
|
|
|a 0201435829
|
| 020 |
|
|
|a 0201533766
|
| 040 |
|
|
|a DLC
|c DLC
|d DLC
|d BD-DhAAL
|
| 082 |
0 |
0 |
|a 621.3/95
|2 20
|
| 100 |
1 |
|
|a Weste, Neil H. E.
|
| 245 |
1 |
0 |
|a Principles of CMOS VLSI design :
|b a systems perspective /
|c Neil H.E. Weste, Kamran Eshraghian.
|
| 250 |
|
|
|a 2nd ed.
|
| 260 |
|
|
|a Reading, Mass. :
|b Addison-Wesley Pub. Co.,
|c c1993 [reprinted 1998].
|
| 300 |
|
|
|a xxii, 713 p., [16] p. of plates :
|b ill. (some col.) ;
|c 24 cm.
|
| 490 |
0 |
|
|a The VLSI systems series
|
| 504 |
|
|
|a Includes bibliographical references and index.
|
| 541 |
1 |
|
|e 00012168
|
| 650 |
|
0 |
|a Integrated circuits
|x Very large scale integration
|x design and construction.
|
| 650 |
|
0 |
|a Metal oxide semiconductors, Complementary.
|
| 700 |
1 |
|
|a Eshraghian, Kamran.
|
| 852 |
4 |
|
|a Ayesha Abed Library
|j General Shelf
|
| 999 |
|
|
|c 7904
|d 7904
|
| 952 |
|
|
|0 0
|1 0
|2 ddc
|4 0
|6 621_395000000000000_WES
|7 0
|9 8848
|a BRACUL
|b BRACUL
|c GEN
|d 2010-03-29
|g 295.00
|l 5
|m 39
|o 621.395 WES
|p 3010012168
|r 2017-11-20
|s 2017-08-20
|t 1
|w 2010-03-29
|y BK
|